000 01280nam a22002297a 4500
003 OSt
005 20210225152351.0
008 210225b1979 ck ||||gr|||| 00| 0 spa d
040 _aCO-JMCR
_cCO-JMCR
041 0 _aspa
082 _a338.64209861 /
_bG569p
_223
100 1 _aGómez, Hernando
_eauotr
_913955
245 _aLa pequeña y mediana industria en el desarrollo colombiano /
_cHernando Gómez, Ricardo Villaveces
260 _aBogotá :
_bLa carreta,
_c1979
300 _a175 páginas ;
_c17 cm.
505 0 _aLa industria como estrategia de desarrollo -- Nota sobre concepto "Pequeña y mediana industria" -- Tipos de industria y funciones de la pequeña y mediana empresa -- La pequeña y mediana empresa en la historia industrial de Colombia -- Estructura y dinámica de pequeña y mediana industria -- Contribución relativa de pequeña y mediana industria a los objetivos de política económica
520 0 _aEl presente libro es resultado de una investigación realizada por los autores en Fedesarrollo a fin de precisar el papel que ha jugado la pequeña y mediana industria en el desarrollo colombiano.
650 2 4 _aPequeños negocios
_913956
650 2 4 _aHistoria económica
_913957
700 _aVillaveces, Ricardo,
_eautor
_913958
942 _2ddc
_cBK
999 _c7333
_d7333